| 000 | 00594nam a22001937a 4500 | ||
|---|---|---|---|
| 003 | OSt | ||
| 005 | 20131025112243.0 | ||
| 008 | 130620s1994 sp ||||| |||| 00| 0 spa d | ||
| 020 | _a8420694061 | ||
| 040 | _cCDMR | ||
| 100 | 1 |
_93858 _aCabrera, Mercedes |
|
| 245 | 1 | 3 |
_aLa industria, la prensa y la política _b: Nicolás Mª de Urgoiti (1869-1951) _cMercedes Cabrera |
| 260 |
_aMadrid _bAlianza _c1994 |
||
| 300 | _a302 p. | ||
| 600 | 1 |
_93859 _aUrgoiti, Nicolás M. de _d1869-1951 |
|
| 610 | 2 |
_93590 _aEl Sol (Diari) |
|
| 650 | 0 | 4 |
_9311 _aEmpreses periodístiques _xHistòria _zS.XX |
| 942 |
_2udc _cMON |
||
| 999 |
_c6508 _d6508 |
||